Globalisation and Global Resistance/ (Record no. 205476)
[ view plain ]
| 000 -LEADER | |
|---|---|
| fixed length control field | 00722nam a22001937a 4500 |
| 005 - DATE AND TIME OF LATEST TRANSACTION | |
| control field | 20240903111014.0 |
| 010 ## - LCCN (DPL NO) | |
| LC control number | ENG-141584 |
| 020 ## - INTERNATIONAL STANDARD BOOK NUMBER | |
| Terms of availability | 1200.00 |
| International Standard Book Number | 9789390746279 |
| 035 ## - SYSTEM CONTROL NUMBER | |
| System control number | EN-125116 |
| 037 ## - SOURCE OF ACQUISITION | |
| Source of stock number/acquisition | DBAD |
| 082 ## - DEWEY DECIMAL CLASSIFICATION NUMBER | |
| Classification number | 330 |
| 100 ## - MAIN ENTRY--PERSONAL NAME | |
| Personal name | V.K. Singh |
| 245 ## - TITLE STATEMENT | |
| Title | Globalisation and Global Resistance/ |
| Statement of responsibility, etc | By V.K. Singh |
| 260 ## - PUBLICATION, DISTRIBUTION, ETC. (IMPRINT) | |
| Place of publication, distribution, etc | Kolkata |
| Name of publisher, distributor, etc | EXCELLER BOOKS |
| Date of publication, distribution, etc | 2021 |
| 270 ## - ADDRESS | |
| Address | G1,Dream Apartment, Degree College Road, Belgharia |
| City | Kolkata |
| Postal code | 700056 |
| 300 ## - PHYSICAL DESCRIPTION | |
| Extent | 391p. |
| Dimensions | 28cm(pb) |
| 500 ## - GENERAL NOTE | |
| General note | An Enquiry into Emergence and Ascendency of Global Hegemony of Neoliberal Finance Capital and People's Global Social-Political Resistance Against its Global Offensives |
| 942 ## - ADDED ENTRY ELEMENTS (KOHA) | |
| Source of classification or shelving scheme | Dewey Decimal Classification |
| Item type | English Books |
| Call number suffix | VKS |
| Classification part | 330 |
| Withdrawn status | Lost status | Not for loan | Collection code | Home library | Current library | Date acquired | Source of acquisition | Cost, normal purchase price | Full call number | Barcode | Copy number | Cost, replacement price | Koha item type |
|---|---|---|---|---|---|---|---|---|---|---|---|---|---|
| Non-fiction | Shahdara Branch | Shahdara Branch | 03/09/2024 | Delivery of Books Act Division | 1250.00 | VKS 330 | EN-125116 | 1 | 1250.00 | English Books |
